| 000 -LEADER |
| fixed length control field |
01716cam a2200421 i 4500 |
| 001 - CONTROL NUMBER |
| control field |
10983822 |
| 003 - CONTROL NUMBER IDENTIFIER |
| control field |
USPCAS-E |
| 005 - DATE AND TIME OF LATEST TRANSACTION |
| control field |
20180118181416.0 |
| 006 - FIXED-LENGTH DATA ELEMENTS--ADDITIONAL MATERIAL CHARACTERISTICS |
| fixed length control field |
m d |
| 007 - PHYSICAL DESCRIPTION FIXED FIELD--GENERAL INFORMATION |
| fixed length control field |
cr n |
| 008 - FIXED-LENGTH DATA ELEMENTS--GENERAL INFORMATION |
| fixed length control field |
141009t20142014gw a sb 001 0 eng d |
| 020 ## - INTERNATIONAL STANDARD BOOK NUMBER |
| International Standard Book Number |
9783527332250 |
| 020 ## - INTERNATIONAL STANDARD BOOK NUMBER |
| International Standard Book Number |
9783527656943 (ebook) |
| 035 ## - SYSTEM CONTROL NUMBER |
| System control number |
(WaSeSS)ssj0001165175 |
| 040 ## - CATALOGING SOURCE |
| Original cataloging agency |
CaPaEBR |
| Language of cataloging |
eng |
| Description conventions |
rda |
| -- |
pn |
| Transcribing agency |
CaPaEBR |
| Modifying agency |
WaSeSS |
| 050 #4 - LIBRARY OF CONGRESS CALL NUMBER |
| Classification number |
TK8322 |
| Item number |
.O743 2014eb |
| 082 04 - DEWEY DECIMAL CLASSIFICATION NUMBER |
| Classification number |
621.31244 |
| Edition number |
23 |
| Author Mark |
ORG 2014 |
| 210 10 - ABBREVIATED TITLE |
| Abbreviated title |
Organic photovoltaics : |
| 245 00 - TITLE STATEMENT |
| Title |
Organic photovoltaics : |
| Remainder of title |
materials, device physics, and manufacturing technologies / |
| Statement of responsibility, etc. |
edited by Christoph Brabec, Ullrich Scherf, and Vladimir Dyakonov ; Dechan Angmo [and fifty four others], contributors. |
| 250 ## - EDITION STATEMENT |
| Edition statement |
Second edition. |
| 260 ## - PUBLICATION, DISTRIBUTION, ETC. |
| Place of publication, distribution, etc. |
Weinheim: |
| Name of publisher, distributor, etc. |
Wiley, |
| Date of publication, distribution, etc. |
2014. |
| 502 ## - DISSERTATION NOTE |
| Dissertation note |
. |
| 504 ## - BIBLIOGRAPHY, ETC. NOTE |
| Bibliography, etc. note |
Includes bibliographical references at the end of each chapters and index. |
| 506 ## - RESTRICTIONS ON ACCESS NOTE |
| Terms governing access |
License restrictions may limit access. |
| 650 #0 - SUBJECT ADDED ENTRY--TOPICAL TERM |
| Topical term or geographic name entry element |
Photovoltaic cells. |
| 650 #0 - SUBJECT ADDED ENTRY--TOPICAL TERM |
| Topical term or geographic name entry element |
Organic semiconductors. |
| 650 #0 - SUBJECT ADDED ENTRY--TOPICAL TERM |
| Topical term or geographic name entry element |
Photovoltaic power generation. |
| 655 #0 - INDEX TERM--GENRE/FORM |
| Genre/form data or focus term |
Electronic books. |
| 700 1# - ADDED ENTRY--PERSONAL NAME |
| Personal name |
Brabec, Christoph. |
| 700 1# - ADDED ENTRY--PERSONAL NAME |
| Personal name |
Scherf, Ullrich. |
| 700 1# - ADDED ENTRY--PERSONAL NAME |
| Personal name |
Dyakonov, Vladimir. |
| 700 1# - ADDED ENTRY--PERSONAL NAME |
| Personal name |
Angmo, Dechan. |
| 773 #0 - HOST ITEM ENTRY |
| Title |
Wiley-Blackwell Online Books |
| 776 08 - ADDITIONAL PHYSICAL FORM ENTRY |
| Relationship information |
Print version: |
| Title |
Organic photovoltaics : materials, device physics, and manufacturing technologies. |
| Edition |
Second edition. |
| Place, publisher, and date of publication |
Weinheim, Germany : Wiley-VCH, c2014 |
| Physical description |
xviii, 618 pages |
| International Standard Book Number |
9783527332250 |
| 856 40 - ELECTRONIC LOCATION AND ACCESS |
| Uniform Resource Identifier |
<a href="http://www.columbia.edu/cgi-bin/cul/resolve?clio10983822">http://www.columbia.edu/cgi-bin/cul/resolve?clio10983822</a> |
| Public note |
Full text available from Wiley-Blackwell Online Books |
| 910 ## - USER-OPTION DATA (OCLC) |
| User-option data |
Vendor-generated brief record |
| 942 ## - ADDED ENTRY ELEMENTS (KOHA) |
| Source of classification or shelving scheme |
|
| Koha item type |
Book |